000 00547nam a22001817a 4500
999 _c177386
_d177386
005 20210219160711.0
010 _aENG-129044
020 _c550.00
_a978-0-7088-9933-5
035 _aEN-112576
037 _bDBAD/PUB
082 _aN
100 _aLaskar, Devi S.
245 _aThe Atlas of Reds and Blues/
_cDevi S. Laskar
260 _aGurugram
_bHachette Book Publishing India Pvt. Ltd.
_c2019
270 _bGurugram
_a4th/5th Floors, Corporate Centre, Plot No- 94, Sec- 44
_e122003
300 _a258p.
_c22cm(pbk)
942 _2ddc
_cEN
_hN
_mLAS